000 01227nam a22003257i 4500
003 EG-GICUC
005 20260121101531.0
008 251222s1929 fr ||||fr|||| 001 0 fre d
040 _aEG-GiCUC
_bfre
_cEG-GiCUC
_dEG-GiCUC
_eRda
041 _afre
082 0 4 _221
_a341.83044
_bBA . C
092 0 4 _221
099 _aLaw1 12 341.83044 BA . C 1929
100 1 _aBatiffol, Henri,
_d1905-1989,
_eAuteur
245 1 3 _aLa Capacité Civile Des Étrangers en France :
_bInfluence De La Loi Française /
_cPar Marthe Simon-Depitre.
264 1 _aParis :
_bRecueil Sirey,
_c1929.
300 _a2 pages ¡., [vii]-xix, 322 pages ;
_c 24 cm.
336 _2rda contenu
_a texte
337 _2rda medias
_aOrdinateur
338 _2 transporteur rda
_a Ressource en ligne
490 0 _aComment faire: législation, jurisprudence, doctriné ;
_v6.
504 _aInclude Bibliographie": page 317 And Bibliographic references
546 _aTexte en français
650 1 4 _aÉtrangers
_xDroit international privé
_zFrance
_2qrmak
651 1 _2qrmak
700 1 _aLa Morandière, L. de.
_d1885-1968,
_ePréfacier
856 4 0 _uhttps://fll.law.cu.edu.eg/fulltext/bks/B12-01687.pdf
905 _a75
_eYara
942 _2ddc
_cBK
_e21
_n0
999 _c52109
_d52109